| 000 | 00671nam a22002177a 4500 | ||
|---|---|---|---|
| 003 | OSt | ||
| 005 | 20140310182906.0 | ||
| 008 | 130128t xxu||||| |||| 00| 0 eng d | ||
| 020 | _a9710871099 | ||
| 050 |
_aLA1292 _b.C696 2010 |
||
| 082 |
_aFIL 370.9687 _2C68 2010 |
||
| 245 |
_a21st Century trends, issues and challenges in Philippine education / _c compiled and edited by Nilo E. Colinares ; co-edited by Lydia P.E. de la Rosa |
||
| 260 |
_aMandaluyong City _bNational Book Store _c2010 |
||
| 300 |
_a307 p. _c23 cm |
||
| 521 | _acollege students | ||
| 526 | _c1210L-1700L | ||
| 541 | _j1 | ||
| 541 | _j2 | ||
| 562 | _e2 | ||
| 942 |
_2lcc _cBK _kFIL |
||
| 999 |
_c17161 _d17161 |
||